00477nam a22001697a 45000050016000000100014000160200025000300350013000550370013000680820011000811000017000922450050001092600040001592700047001993000021002465000040002672010080908068.0 aENG-99003 a9788190863308c50.00 aEN-82535 bDBAD/PUB a230.91 aAsokan, V.P. aHistory of solinghur temple /cby V.P. Asokan aChennai bMangala Publicationc2008 a63, Razak Garden ArumbakkambChennai e106 a91p.c20cm (pbk) aIncludes bibliographical references